{"text_format":"3","workbook":"xlsx","n_sheets":1,"sheets":["t565"],"read":"whole","date_system":"1900"}

{"sheet":"t565","index":0,"n_rows":189,"n_cols":7,"rows_kept":189,"merged":[[0,0,0,6],[30,0,30,5],[48,0,48,5],[148,0,148,5]]}
["TABELA 565.1 - Estatísticas Agrícolas, Município de Sarutaiá, Estado de São Paulo, 2007/08."]
["ITEM","UNIDADE","N.DE UPAs","MÍNIMO","MÉDIO","MÁXIMO","TOTAL"]
["Distância à sede do município","km",185,0.1,{"v":3.96,"d":"4.0"},{"v":15,"d":"15.0"},"-"]
["Área total","hectare",185,{"v":2,"d":"2.0"},{"v":67.01,"d":"67.0"},{"v":1870.7,"d":"1,870.7"},{"v":12397.3,"d":"12,397.3"}]
["Área com cultura perene","hectare",83,0.1,{"v":16.08,"d":"16.1"},{"v":474,"d":"474.0"},{"v":1334.4,"d":"1,334.4"}]
["Área com cultura temporária","hectare",67,0.1,{"v":24.52,"d":"24.5"},{"v":345,"d":"345.0"},{"v":1643.1,"d":"1,643.1"}]
["Área com pastagem","hectare",169,0.8,{"v":40.81,"d":"40.8"},{"v":1429,"d":"1,429.0"},{"v":6896.2,"d":"6,896.2"}]
["Área com reflorestamento","hectare",45,0.1,{"v":16.91,"d":"16.9"},{"v":294,"d":"294.0"},761.1]
["Área com vegetação natural","hectare",130,0.2,{"v":11.59,"d":"11.6"},{"v":400,"d":"400.0"},{"v":1506.5,"d":"1,506.5"}]
["Área com vegetação de brejo e várzea","hectare",18,0.2,{"v":1.18,"d":"1.2"},{"v":5,"d":"5.0"},21.3]
["Área em descanso","hectare",4,0.1,{"v":20.75,"d":"20.8"},{"v":56,"d":"56.0"},{"v":83,"d":"83.0"}]
["Área complementar","hectare",157,0.1,{"v":0.97,"d":"1.0"},{"v":8,"d":"8.0"},151.7]
["Área das UPAs com (0, 1] ha","hectare","-","-","-","-","-"]
["Área das UPAs com (1, 2] ha","hectare",2,{"v":2,"d":"2.0"},{"v":2,"d":"2.0"},{"v":2,"d":"2.0"},{"v":4,"d":"4.0"}]
["Área das UPAs com (2, 5] ha","hectare",21,2.1,{"v":4.12,"d":"4.1"},{"v":5,"d":"5.0"},86.5]
["Área das UPAs com (5, 10] ha","hectare",30,5.1,{"v":8.01,"d":"8.0"},{"v":10,"d":"10.0"},240.4]
["Área das UPAs com (10, 20] ha","hectare",39,10.8,{"v":15.06,"d":"15.1"},{"v":20,"d":"20.0"},587.4]
["Área das UPAs com (20, 50] ha","hectare",47,20.5,{"v":31.84,"d":"31.8"},{"v":50,"d":"50.0"},{"v":1496.7,"d":"1,496.7"}]
["Área das UPAs com (50, 100] ha","hectare",22,51.7,72.4,96.8,{"v":1592.8,"d":"1,592.8"}]
["Área das UPAs com (100, 200] ha","hectare",10,121.1,{"v":166.15,"d":"166.2"},193.6,{"v":1661.5,"d":"1,661.5"}]
["Área das UPAs com (200, 500] ha","hectare",12,{"v":242,"d":"242.0"},{"v":344.94,"d":"344.9"},491.5,{"v":4139.3,"d":"4,139.3"}]
["Área das UPAs com (500, 1.000] ha","hectare",1,{"v":718,"d":"718.0"},{"v":718,"d":"718.0"},{"v":718,"d":"718.0"},{"v":718,"d":"718.0"}]
["Área das UPAs com (1.000, 2.000] ha","hectare",1,{"v":1870.7,"d":"1,870.7"},{"v":1870.7,"d":"1,870.7"},{"v":1870.7,"d":"1,870.7"},{"v":1870.7,"d":"1,870.7"}]
["Área das UPAs com (2.000, 5.000] ha","hectare","-","-","-","-","-"]
["Área das UPAs com (5.000, 10.000] ha","hectare","-","-","-","-","-"]
["Área das UPAs acima de 10.000 ha","hectare","-","-","-","-","-"]
["Familiares do proprietário que trabalham na UPA","unidade",135,{"v":1,"d":"1.0"},{"v":1.73,"d":"1.7"},{"v":10,"d":"10.0"},{"v":233,"d":"233.0"}]
["Trabalhadores permanentes","unidade",67,{"v":1,"d":"1.0"},{"v":2.25,"d":"2.3"},{"v":25,"d":"25.0"},{"v":151,"d":"151.0"}]
["Fonte: Secretaria de Agricultura e Abastecimento, CDRS/IEA, Projeto LUPA."]
[]
["TABELA 565.2 - Explorações Animais, Município de Sarutaiá, Estado de São Paulo, 2007/08."]
["ITEM","UNIDADE","N.DE UPAs","MÍNIMO","MÉDIO","MÁXIMO","TOTAL"]
["Apicultura","colmeias",1,{"v":20,"d":"20.0"},{"v":20,"d":"20.0"},{"v":20,"d":"20.0"},{"v":20,"d":"20.0"}]
["Asininos E Muares","cabeças",26,{"v":1,"d":"1.0"},{"v":1.73,"d":"1.7"},{"v":8,"d":"8.0"},{"v":45,"d":"45.0"}]
["Avicultura de Corte","cabeças/ano",43,{"v":10,"d":"10.0"},{"v":287.33,"d":"287.3"},{"v":10000,"d":"10,000.0"},{"v":12355,"d":"12,355.0"}]
["Avicultura Ornamental/Decorativa/Exótica","cabeças",3,{"v":2,"d":"2.0"},{"v":22.33,"d":"22.3"},{"v":50,"d":"50.0"},{"v":67,"d":"67.0"}]
["Avicultura para Ovos","cabeças",1,{"v":160,"d":"160.0"},{"v":160,"d":"160.0"},{"v":160,"d":"160.0"},{"v":160,"d":"160.0"}]
["Bovinocultura de Corte","cabeças",73,{"v":4,"d":"4.0"},{"v":100.23,"d":"100.2"},{"v":2200,"d":"2,200.0"},{"v":7317,"d":"7,317.0"}]
["Bovinocultura Leiteira","cabeças",13,{"v":4,"d":"4.0"},{"v":17.92,"d":"17.9"},{"v":60,"d":"60.0"},{"v":233,"d":"233.0"}]
["Bovinocultura Mista","cabeças",53,{"v":2,"d":"2.0"},{"v":16.72,"d":"16.7"},{"v":60,"d":"60.0"},{"v":886,"d":"886.0"}]
["Caprinocultura","cabeças",4,{"v":6,"d":"6.0"},{"v":57,"d":"57.0"},{"v":200,"d":"200.0"},{"v":228,"d":"228.0"}]
["Equinocultura","cabeças",80,{"v":1,"d":"1.0"},3.2,{"v":40,"d":"40.0"},{"v":256,"d":"256.0"}]
["Helicicultura","viveiros",1,{"v":4,"d":"4.0"},{"v":4,"d":"4.0"},{"v":4,"d":"4.0"},{"v":4,"d":"4.0"}]
["Ovinocultura","cabeças",9,{"v":1,"d":"1.0"},{"v":15.78,"d":"15.8"},{"v":40,"d":"40.0"},{"v":142,"d":"142.0"}]
["Piscicultura","m² tanques",1,{"v":14,"d":"14.0"},{"v":14,"d":"14.0"},{"v":14,"d":"14.0"},{"v":14,"d":"14.0"}]
["Suinocultura","cabeças",35,{"v":2,"d":"2.0"},{"v":13.71,"d":"13.7"},{"v":200,"d":"200.0"},{"v":480,"d":"480.0"}]
["Fonte: Secretaria de Agricultura e Abastecimento, CDRS/IEA, Projeto LUPA."]
[]
["TABELA 565.3 -  Máquinas, Implementos e Benfeitorias, Município de Sarutaiá, Estado de São Paulo, 2007/08."]
["ITEM","UNIDADE","N.DE UPAs","MÍNIMO","MÉDIO","MÁXIMO","TOTAL"]
["Arado Comum (Bacia, Aiveca)","Unidade",31,{"v":1,"d":"1.0"},{"v":1.03,"d":"1.0"},{"v":2,"d":"2.0"},{"v":32,"d":"32.0"}]
["Arado Subsolador","Unidade",1,{"v":1,"d":"1.0"},{"v":1,"d":"1.0"},{"v":1,"d":"1.0"},{"v":1,"d":"1.0"}]
["Batedeira de Cereais","Unidade",5,{"v":1,"d":"1.0"},{"v":1,"d":"1.0"},{"v":1,"d":"1.0"},{"v":5,"d":"5.0"}]
["Colhedeira Acoplada","Unidade",3,{"v":1,"d":"1.0"},{"v":1,"d":"1.0"},{"v":1,"d":"1.0"},{"v":3,"d":"3.0"}]
["Colhedeira Automotriz","Unidade",2,{"v":1,"d":"1.0"},{"v":1,"d":"1.0"},{"v":1,"d":"1.0"},{"v":2,"d":"2.0"}]
["Conj.Irrigação Autopropelido","Unidade",1,{"v":1,"d":"1.0"},{"v":1,"d":"1.0"},{"v":1,"d":"1.0"},{"v":1,"d":"1.0"}]
["Conj.Irrigação Convencional","Unidade",5,{"v":1,"d":"1.0"},1.2,{"v":2,"d":"2.0"},{"v":6,"d":"6.0"}]
["Conj.Irrigação/Gotejamento/Microaspersão","Unidade",4,{"v":1,"d":"1.0"},{"v":1,"d":"1.0"},{"v":1,"d":"1.0"},{"v":4,"d":"4.0"}]
["Desintegrador, Picador, Triturador","Unidade",44,{"v":1,"d":"1.0"},{"v":1.02,"d":"1.0"},{"v":2,"d":"2.0"},{"v":45,"d":"45.0"}]
["Distribuidor de Calcário","Unidade",10,{"v":1,"d":"1.0"},1.1,{"v":2,"d":"2.0"},{"v":11,"d":"11.0"}]
["Ensiladeira","Unidade",9,{"v":1,"d":"1.0"},{"v":1.11,"d":"1.1"},{"v":2,"d":"2.0"},{"v":10,"d":"10.0"}]
["Grade Aradora (Tipo Romi)","Unidade",5,{"v":1,"d":"1.0"},1.2,{"v":2,"d":"2.0"},{"v":6,"d":"6.0"}]
["Grade Niveladora","Unidade",30,{"v":1,"d":"1.0"},1.1,{"v":3,"d":"3.0"},{"v":33,"d":"33.0"}]
["Implementos para Tração Animal","Unidade",18,{"v":1,"d":"1.0"},{"v":1.11,"d":"1.1"},{"v":2,"d":"2.0"},{"v":20,"d":"20.0"}]
["Microtrator","Unidade",1,{"v":1,"d":"1.0"},{"v":1,"d":"1.0"},{"v":1,"d":"1.0"},{"v":1,"d":"1.0"}]
["Misturador de Ração","Unidade",2,{"v":1,"d":"1.0"},{"v":1,"d":"1.0"},{"v":1,"d":"1.0"},{"v":2,"d":"2.0"}]
["Ordenhadeira Mecânica","Unidade",1,{"v":1,"d":"1.0"},{"v":1,"d":"1.0"},{"v":1,"d":"1.0"},{"v":1,"d":"1.0"}]
["Pulverizador Tratorizado","Unidade",17,{"v":1,"d":"1.0"},{"v":1.71,"d":"1.7"},{"v":5,"d":"5.0"},{"v":29,"d":"29.0"}]
["Resfriador de Leite, Tanque Expansão","Unidade",7,{"v":1,"d":"1.0"},{"v":1,"d":"1.0"},{"v":1,"d":"1.0"},{"v":7,"d":"7.0"}]
["Roçadeira Costal","Unidade",6,{"v":1,"d":"1.0"},{"v":1.33,"d":"1.3"},{"v":3,"d":"3.0"},{"v":8,"d":"8.0"}]
["Roçadeira Tratorizada","Unidade",15,{"v":1,"d":"1.0"},{"v":1.07,"d":"1.1"},{"v":2,"d":"2.0"},{"v":16,"d":"16.0"}]
["Semeadeira/Adubadeira para Plantio Convencional","Unidade",5,{"v":1,"d":"1.0"},{"v":1,"d":"1.0"},{"v":1,"d":"1.0"},{"v":5,"d":"5.0"}]
["Semeadeira/Plantadeira Plantio Direto","Unidade",6,{"v":1,"d":"1.0"},1.5,{"v":3,"d":"3.0"},{"v":9,"d":"9.0"}]
["Trator de Esteiras","Unidade",1,{"v":1,"d":"1.0"},{"v":1,"d":"1.0"},{"v":1,"d":"1.0"},{"v":1,"d":"1.0"}]
["Trator de Pneus","Unidade",42,{"v":1,"d":"1.0"},{"v":1.86,"d":"1.9"},{"v":8,"d":"8.0"},{"v":78,"d":"78.0"}]
["Açude/Represa","Unidade",58,{"v":1,"d":"1.0"},{"v":1.72,"d":"1.7"},{"v":8,"d":"8.0"},{"v":100,"d":"100.0"}]
["Almoxarifado/Oficina","Unidade",7,{"v":1,"d":"1.0"},{"v":1.14,"d":"1.1"},{"v":2,"d":"2.0"},{"v":8,"d":"8.0"}]
["Armazém para Grãos Ensacados","Sacas",1,{"v":1,"d":"1.0"},{"v":1,"d":"1.0"},{"v":1,"d":"1.0"},{"v":1,"d":"1.0"}]
["Balança para Bovinos","Unidade",5,{"v":1,"d":"1.0"},{"v":1,"d":"1.0"},{"v":1,"d":"1.0"},{"v":5,"d":"5.0"}]
["Balança para Veículos","Unidade",2,{"v":2,"d":"2.0"},{"v":2,"d":"2.0"},{"v":2,"d":"2.0"},{"v":4,"d":"4.0"}]
["Barracão para Bicho da Seda/Sirgaria","Unidade",1,{"v":1,"d":"1.0"},{"v":1,"d":"1.0"},{"v":1,"d":"1.0"},{"v":1,"d":"1.0"}]
["Barracão para Granja/Avicultura","Unidade",15,{"v":1,"d":"1.0"},1.2,{"v":2,"d":"2.0"},{"v":18,"d":"18.0"}]
["Barracão/Galpão/Garagem","Unidade",93,{"v":1,"d":"1.0"},{"v":1.57,"d":"1.6"},{"v":5,"d":"5.0"},{"v":146,"d":"146.0"}]
["Casa de Moradia Habitada","Unidade",110,{"v":1,"d":"1.0"},{"v":1.58,"d":"1.6"},{"v":12,"d":"12.0"},{"v":174,"d":"174.0"}]
["Casa de Moradia Total","Unidade",142,{"v":1,"d":"1.0"},{"v":2.32,"d":"2.3"},{"v":12,"d":"12.0"},{"v":329,"d":"329.0"}]
["Curral/Mangueira","Unidade",107,{"v":1,"d":"1.0"},{"v":1.09,"d":"1.1"},{"v":4,"d":"4.0"},{"v":117,"d":"117.0"}]
["Depósito/Tulha","Unidade",110,{"v":1,"d":"1.0"},{"v":1.23,"d":"1.2"},{"v":4,"d":"4.0"},{"v":135,"d":"135.0"}]
["Engenho","Unidade",1,{"v":1,"d":"1.0"},{"v":1,"d":"1.0"},{"v":1,"d":"1.0"},{"v":1,"d":"1.0"}]
["Estufa/Plasticultura","m²",6,{"v":1,"d":"1.0"},{"v":916.83,"d":"916.8"},{"v":2000,"d":"2,000.0"},{"v":5501,"d":"5,501.0"}]
["Instalações para Equinos","Unidade",6,{"v":1,"d":"1.0"},{"v":6.17,"d":"6.2"},{"v":13,"d":"13.0"},{"v":37,"d":"37.0"}]
["Máquina de Benefício","Unidade",5,{"v":1,"d":"1.0"},{"v":1,"d":"1.0"},{"v":1,"d":"1.0"},{"v":5,"d":"5.0"}]
["Pocilga","Unidade",31,{"v":1,"d":"1.0"},{"v":1.23,"d":"1.2"},{"v":3,"d":"3.0"},{"v":38,"d":"38.0"}]
["Poço Semi-Artesiano","Unidade",5,{"v":1,"d":"1.0"},1.4,{"v":3,"d":"3.0"},{"v":7,"d":"7.0"}]
["Posto Meteorológico","Unidade",1,{"v":1,"d":"1.0"},{"v":1,"d":"1.0"},{"v":1,"d":"1.0"},{"v":1,"d":"1.0"}]
["Secador de Grãos","Unidade",2,{"v":1,"d":"1.0"},{"v":2,"d":"2.0"},{"v":3,"d":"3.0"},{"v":4,"d":"4.0"}]
["Silo para Grãos","t",1,{"v":1,"d":"1.0"},{"v":1,"d":"1.0"},{"v":1,"d":"1.0"},{"v":1,"d":"1.0"}]
["Terreiro","m²",88,{"v":1,"d":"1.0"},{"v":703.88,"d":"703.9"},{"v":10000,"d":"10,000.0"},{"v":61941,"d":"61,941.0"}]
["Fonte: Secretaria de Agricultura e Abastecimento, CDRS/IEA, Projeto LUPA."]
[]
["TABELA 565.4 - Outras Estatísticas Agrícolas, Município de Sarutaiá, Estado de São Paulo, 2007/08."]
["ITEM","Número de UPAs",null,"Percentual"]
["Faz Parte de Associação de Produtores",7,null,{"v":3.7837837837837838,"d":"3.8"}]
["Faz Parte de Cooperativa de Produtores",9,null,{"v":4.864864864864865,"d":"4.9"}]
["Faz Parte do Sindicato de Produtores",10,null,{"v":5.405405405405405,"d":"5.4"}]
["Não utiliza assistência técnica ",63,null,{"v":34.054054054054056,"d":"34.1"}]
["Utiliza somente assistência técnica governamental ",109,null,{"v":58.91891891891892,"d":"58.9"}]
["Utiliza somente assistência técnica privada ",7,null,{"v":3.7837837837837838,"d":"3.8"}]
["Utiliza assistência técnica tanto governamental quanto privada",6,null,{"v":3.2432432432432434,"d":"3.2"}]
["Utiliza Crédito Rural",15,null,{"v":8.108108108108107,"d":"8.1"}]
["Utiliza Seguro Rural",1,null,{"v":0.5405405405405405,"d":"0.5"}]
["Utiliza Escrituração Agrícola",3,null,{"v":1.6216216216216217,"d":"1.6"}]
["Acessa Internet p/ Fins na Agropecuária",15,null,{"v":8.108108108108107,"d":"8.1"}]
["Utiliza Computador nas Atividades Agropecuárias",6,null,{"v":3.2432432432432434,"d":"3.2"}]
["Utiliza Energia Elétrica Para Uso na Atividade Agrícola",137,null,{"v":74.05405405405405,"d":"74.1"}]
["Realiza Análise de Solo, quando necessário",56,null,{"v":30.27027027027027,"d":"30.3"}]
["Utiliza Práticas de Conservação de Solo, quando necessário",118,null,{"v":63.78378378378378,"d":"63.8"}]
["Faz Adubação Mineral, quando necessário",118,null,{"v":63.78378378378378,"d":"63.8"}]
["Faz Adubação Orgânica, quando necessário",63,null,{"v":34.05405405405405,"d":"34.1"}]
["Faz Adubação Verde, quando necessário",2,null,{"v":1.081081081081081,"d":"1.1"}]
["Utiliza Manejo Integrado de Pragas (MIP)","-",null,"-"]
["Utiliza Hidroponia","-",null,"-"]
["Utiliza Plasticultura",7,null,{"v":3.7837837837837838,"d":"3.8"}]
["Utiliza Mudas Fiscalizadas",20,null,{"v":10.81081081081081,"d":"10.8"}]
["Utiliza Semente Melhorada",57,null,{"v":30.81081081081081,"d":"30.8"}]
["Faz Confinamento de Bovinos","-",null,"-"]
["Utiliza Pastejo Intensivo",4,null,{"v":2.162162162162162,"d":"2.2"}]
["Faz Inseminação Artificial",3,null,{"v":1.6216216216216217,"d":"1.6"}]
["Faz Mineralização do Rebanho",112,null,{"v":60.54054054054054,"d":"60.5"}]
["Faz Vermifugação do Rebanho",116,null,{"v":62.7027027027027,"d":"62.7"}]
["Possui Parceiros /Arrendatários na Exploração Animal",26,null,{"v":14.054054054054053,"d":"14.1"}]
["Esporte e lazer",1,null,{"v":0.5405405405405405,"d":"0.5"}]
["Extração mineral","-",null,"-"]
["Hotel Fazenda, Pousada ou SPA","-",null,"-"]
["Pesque-pague","-",null,"-"]
["Restaurante ou Lanchonete","-",null,"-"]
["Transformação artesanal","-",null,"-"]
["Turismo rural ou ecoturismo","-",null,"-"]
["Outras atividades econômicas rurais",2,null,{"v":1.081081081081081,"d":"1.1"}]
["Agroindústria","-",null,"-"]
["Proprietário sem instrução ou com instrução incompleta",4,null,{"v":2.162162162162162,"d":"2.2"}]
["Proprietário com antigo primário completo",55,null,{"v":29.72972972972973,"d":"29.7"}]
["Proprietário com 1° grau (ou antigo ginasial) completo",37,null,{"v":20,"d":"20.0"}]
["Proprietário com 2° grau (ou antigo colegial) completo",49,null,{"v":26.486486486486484,"d":"26.5"}]
["Proprietário com curso superior completo ",29,null,{"v":15.675675675675675,"d":"15.7"}]
["Pessoa Jurídica",11,null,{"v":5.9459459459459465,"d":"5.9"}]
["Proprietário residente na própria UPA ",43,null,{"v":23.243243243243246,"d":"23.2"}]
["Fonte: Secretaria de Agricultura e Abastecimento, CDRS/IEA, Projeto LUPA."]
[]
["TABELA 565.5 - Área Cultivada, Município de Sarutaiá, Estado de São Paulo, 2007/08."]
["CULTURA","N.DE UPAs","MÍNIMO","MÉDIO","MÁXIMO","TOTAL"]
["Braquiaria",168,{"v":1,"d":"1.0"},{"v":40.93,"d":"40.9"},{"v":1429,"d":"1,429.0"},{"v":6875.9,"d":"6,875.9"}]
["Cafe",79,0.1,{"v":16.09,"d":"16.1"},{"v":474,"d":"474.0"},{"v":1271.2,"d":"1,271.2"}]
["Eucalipto",45,0.1,{"v":16.86,"d":"16.9"},{"v":294,"d":"294.0"},758.6]
["Cana-de-acucar",23,0.1,{"v":29.85,"d":"29.9"},{"v":280,"d":"280.0"},686.5]
["Milho",39,0.1,{"v":14.18,"d":"14.2"},{"v":90,"d":"90.0"},553.1]
["Soja",8,{"v":4,"d":"4.0"},{"v":38.46,"d":"38.5"},{"v":230,"d":"230.0"},307.7]
["Mandioca",2,{"v":33,"d":"33.0"},36.5,{"v":40,"d":"40.0"},{"v":73,"d":"73.0"}]
["Laranja",2,{"v":9,"d":"9.0"},29.5,{"v":50,"d":"50.0"},{"v":59,"d":"59.0"}]
["Feijao",2,2.4,13.7,{"v":25,"d":"25.0"},27.4]
["Trigo",1,{"v":23,"d":"23.0"},{"v":23,"d":"23.0"},{"v":23,"d":"23.0"},{"v":23,"d":"23.0"}]
["Capim-napier (ou capim-elefante)",20,0.1,{"v":1.02,"d":"1.0"},{"v":3,"d":"3.0"},20.3]
["Triticale",1,7.2,7.2,7.2,7.2]
["Alface",7,0.2,{"v":0.73,"d":"0.7"},1.5,5.1]
["Feijao-vagem (ou vagem, ou feijao-verde)",8,0.2,{"v":0.61,"d":"0.6"},{"v":1,"d":"1.0"},4.9]
["Outras olericolas",5,0.5,{"v":0.74,"d":"0.7"},{"v":1,"d":"1.0"},3.7]
["Repolho",7,0.2,{"v":0.46,"d":"0.5"},{"v":1,"d":"1.0"},3.2]
["Beterraba",6,0.2,{"v":0.48,"d":"0.5"},0.8,2.9]
["Pomar domestico",3,0.5,{"v":0.83,"d":"0.8"},{"v":1,"d":"1.0"},2.5]
["Pinus",1,2.5,2.5,2.5,2.5]
["Cenoura",5,0.2,{"v":0.48,"d":"0.5"},{"v":1,"d":"1.0"},2.4]
["Chicoria (ou chicoria-de-folha-crespa)",6,0.2,0.4,0.8,2.4]
["Brocolos (ou brocolis)",5,0.2,{"v":0.44,"d":"0.4"},0.6,2.2]
["Couve (ou couve-crespa)",6,0.1,{"v":0.33,"d":"0.3"},0.5,{"v":2,"d":"2.0"}]
["Banana",2,0.6,0.8,{"v":1,"d":"1.0"},1.6]
["Jilo",2,0.5,{"v":0.55,"d":"0.6"},0.6,1.1]
["Espinafre (ou espinafre-europeu)",2,0.2,0.5,0.8,{"v":1,"d":"1.0"}]
["Quiabo",3,0.2,{"v":0.33,"d":"0.3"},0.5,{"v":1,"d":"1.0"}]
["Couve-flor",1,{"v":1,"d":"1.0"},{"v":1,"d":"1.0"},{"v":1,"d":"1.0"},{"v":1,"d":"1.0"}]
["Chuchu",3,0.1,0.2,0.3,0.6]
["Feijao-guandu (ou guandu, ou andu)",1,0.6,0.6,0.6,0.6]
["Abobora (ou jerimum)",1,0.6,0.6,0.6,0.6]
["Cebolinha",2,0.2,0.3,0.4,0.6]
["Pimentao",4,0.1,{"v":0.13,"d":"0.1"},0.2,0.5]
["Berinjela",1,0.5,0.5,0.5,0.5]
["Pepino",3,0.1,{"v":0.13,"d":"0.1"},0.2,0.4]
["Sorgo",1,0.3,0.3,0.3,0.3]
["Tomate envarado",2,0.1,0.1,0.1,0.2]
["Tangerina",1,0.1,0.1,0.1,0.1]
["Fonte: Secretaria de Agricultura e Abastecimento, CDRS/IEA, Projeto LUPA."]